Applications in basic marketing : (Record no. 15207)
[ view plain ]
| 000 -LEADER | |
|---|---|
| fixed length control field | 00499cam a2200169Ka 4500 |
| 020 ## - INTERNATIONAL STANDARD BOOK NUMBER | |
| ISBN | 0256101167 (pbk.) |
| 040 ## - CATALOGING SOURCE | |
| Transcribing agency | EUN |
| 082 ## - DEWEY DECIMAL CLASSIFICATION NUMBER | |
| Classification number | 658 IRW 1991 A055 Or. |
| 100 1# - MAIN ENTRY--AUTHOR NAME | |
| Personal name | McCarthy, E. Jerome |
| 245 10 - TITLE STATEMENT | |
| Title | Applications in basic marketing : |
| Remainder of title | clippings from the popular business press / |
| 250 ## - EDITION STATEMENT | |
| Edition statement | 1991-1992 ed. |
| 260 ## - PUBLICATION, DISTRIBUTION, ETC. (IMPRINT) | |
| Place of publication | Homewood, IL ; |
| -- | Boston, MA : |
| Name of publisher | Irwin, |
| Year of publication | 1991. |
| 300 ## - PHYSICAL DESCRIPTION | |
| Number of Pages | viii, 107 p. : |
| Other physical details | ill. ; |
| Dimensions | 26 cm. |
| 650 #0 - SUBJECT ADDED ENTRY--TOPICAL TERM | |
| Topical Term | Marketing |
| 700 1# - ADDED ENTRY--PERSONAL NAME | |
| Personal name | Perreault, William D., |
| 942 ## - ADDED ENTRY ELEMENTS (KOHA) | |
| Koha item type | សៀវភៅភាសាអង់គ្លេស |
| 952 ## - LOCATION AND ITEM INFORMATION (KOHA) | |
| Withdrawn status [LOCAL, KOHA] | 0 |
| 952 ## - LOCATION AND ITEM INFORMATION (KOHA) | |
| Withdrawn status [LOCAL, KOHA] | 0 |
| Permanent Location | Date acquired | Koha item type | Lost status | Shelving location | Barcode | Current Location | Full call number |
|---|---|---|---|---|---|---|---|
| Library Block A | 2017-11-13 | សៀវភៅភាសាអង់គ្លេស | A055 | A07146 | Library Block A | 658 IRW 1991 A055 Or. | |
| Library Block A | 2017-11-13 | សៀវភៅភាសាអង់គ្លេស | A055 | A07071 | Library Block A | 658 IRW 1991 A055 Or. |